Devon Cities and Towns Picture Quiz - Statistics

General Stats
  • This quiz has been taken 74 times
  • The average score is 7 of 20
Answer Stats
Picture Answer % Correct
Plymouth
96%
Exeter
78%
Torquay
72%
Sidmouth
61%
Paignton
57%
Exmouth
48%
Teignmouth
39%
Brixham
37%
Dawlish
37%
Newton Abbot
33%
Barnstaple
26%
Honiton
22%
Ilfracombe
22%
Tiverton
20%
Bideford
17%
Tavistock
15%
Cullompton
13%
Kingsteignton
9%
Northam
9%
Ivybridge
6%
No matching quizzes found
Score Distribution
Percent of People with Each Score
Percentile by Number Answered
Your Score History
You have not taken this quiz